<?xml version="1.0" encoding="UTF-8"?>
<record
    xmlns:xsi="http://www.w3.org/2001/XMLSchema-instance"
    xsi:schemaLocation="http://www.loc.gov/MARC21/slim http://www.loc.gov/standards/marcxml/schema/MARC21slim.xsd"
    xmlns="http://www.loc.gov/MARC21/slim">

  <leader>03815nam a22004577a 4500</leader>
  <datafield tag="999" ind1=" " ind2=" ">
    <subfield code="c">6604</subfield>
    <subfield code="d">6604</subfield>
  </datafield>
  <controlfield tag="003">OSt</controlfield>
  <controlfield tag="005">20260413121927.0</controlfield>
  <controlfield tag="008">190228c        xxuf||p| |||| 00| 0 spa d</controlfield>
  <datafield tag="040" ind1=" " ind2=" ">
    <subfield code="c">PJ</subfield>
  </datafield>
  <datafield tag="245" ind1="1" ind2="0">
    <subfield code="a">Revista de derecho laboral :</subfield>
    <subfield code="b">La relaci&#xF3;n de dependencia y las nuevas formas de trabajar y contratar /</subfield>
    <subfield code="c">director Mario E. Ackerman.</subfield>
  </datafield>
  <datafield tag="260" ind1=" " ind2=" ">
    <subfield code="a">Santa F&#xE9; :</subfield>
    <subfield code="b">Rubinzal-Culzoni,</subfield>
    <subfield code="c">2020.</subfield>
  </datafield>
  <datafield tag="300" ind1=" " ind2=" ">
    <subfield code="a">662 p.</subfield>
    <subfield code="c">22 cm.</subfield>
  </datafield>
  <datafield tag="310" ind1=" " ind2=" ">
    <subfield code="a">semestral</subfield>
  </datafield>
  <datafield tag="362" ind1=" " ind2=" ">
    <subfield code="a">No.1 (2020)</subfield>
  </datafield>
  <datafield tag="505" ind1=" " ind2=" ">
    <subfield code="t">Constitucionalidad de la competencia asignada a las comisiones m&#xE9;dicas - el fallo &#x201C;pogonza c/galeno art sa&#x201D;. &#xBF;el fin de la historia? /</subfield>
    <subfield code="r">Miguel &#xC1;ngel Maza.</subfield>
  </datafield>
  <datafield tag="505" ind1=" " ind2=" ">
    <subfield code="t">El procedimiento especial para la cobertura de la covid-19 como &#x201C;enfermedad profesional no listada&#x201D;/</subfield>
    <subfield code="r"> Mario E. Ackerman.</subfield>
  </datafield>
  <datafield tag="505" ind1=" " ind2=" ">
    <subfield code="t">Tres impactos procesales del convenio 190: crisis de la conciliaci&#xF3;n del art&#xED;culo 15 de la lct - reconfiguraci&#xF3;n de la lrt e inversi&#xF3;n de cargas probatorias (sin &#x201C;pellicori&#x201D; /</subfield>
    <subfield code="r"> C&#xE9;sar Arese.</subfield>
  </datafield>
  <datafield tag="505" ind1=" " ind2=" ">
    <subfield code="t">An&#xE1;lisis sobre aspectos del procedimiento administrativo ante la comisi&#xF3;n m&#xE9;dica jurisdiccional a la luz de la jurisprudencia de la justicia nacional del trabajo /</subfield>
    <subfield code="r">Graciela Gonz&#xE1;lez.</subfield>
  </datafield>
  <datafield tag="505" ind1=" " ind2=" ">
    <subfield code="t">Aspectos procesales y pr&#xE1;cticos de la adhesi&#xF3;n santafesina a la ley 27.348 - la p&#xE9;rdida del &#xFA;ltimo basti&#xF3;n /</subfield>
    <subfield code="r">An&#xED;bal Cuadrado.</subfield>
  </datafield>
  <datafield tag="505" ind1=" " ind2=" ">
    <subfield code="t">Temis y penia: del mito a la realidad - la condici&#xF3;n de pobreza como fundamento jur&#xED;dico de un proceso laboral urgente una mirada desde el derecho internacional de los derechos humanos /</subfield>
    <subfield code="r">Ricardo Le&#xF3;n.</subfield>
  </datafield>
  <datafield tag="505" ind1=" " ind2=" ">
    <subfield code="t">Carga de la prueba y est&#xE1;ndar probatorio de la parte actora en juicios por discriminaci&#xF3;n laboral /</subfield>
    <subfield code="r">Sebasti&#xE1;n Coppoletta.</subfield>
  </datafield>
  <datafield tag="505" ind1=" " ind2=" ">
    <subfield code="t">Las cargas probatorias en los juicios laborales y las presunciones previstas en la ley de contrato de trabajo /</subfield>
    <subfield code="r"> Silvia E. Pinto Varela.</subfield>
  </datafield>
  <datafield tag="505" ind1=" " ind2=" ">
    <subfield code="t">Audiencias testimoniales 2021 en la justicia laboral. &#x201C;qu&#xE9; y cu&#xE1;ndo&#x201D;. las audiencias a partir de ahora /</subfield>
    <subfield code="r">Agust&#xED;n A. Adam.</subfield>
  </datafield>
  <datafield tag="505" ind1=" " ind2=" ">
    <subfield code="t">Congruencia y traba de litis /</subfield>
    <subfield code="r"> Carlos Alberto Livellara.</subfield>
  </datafield>
  <datafield tag="505" ind1=" " ind2=" ">
    <subfield code="t">Efectos de la sentencia de condena con relaci&#xF3;n a terceros /</subfield>
    <subfield code="r"> Osvaldo Maddaloni.</subfield>
  </datafield>
  <datafield tag="505" ind1=" " ind2=" ">
    <subfield code="t">Responsables solidarios en derecho del trabajo - algunas cuestiones procesales /</subfield>
    <subfield code="r"> Diego Mart&#xED;n Tosca.</subfield>
  </datafield>
  <datafield tag="505" ind1=" " ind2=" ">
    <subfield code="t">Las acciones de clase para la defensa de derechos individuales homog&#xE9;neos en materia laboral /</subfield>
    <subfield code="r"> Jorge El&#xED;as.</subfield>
  </datafield>
  <datafield tag="505" ind1=" " ind2=" ">
    <subfield code="t">Para reemplazar el pacto de cuota litis en los cr&#xE9;ditos laborales sin &#x201C;da&#xF1;os colaterales&#x201D; /</subfield>
    <subfield code="r">Mario E. Ackerman.</subfield>
  </datafield>
  <datafield tag="505" ind1=" " ind2=" ">
    <subfield code="t">Inversi&#xF3;n y caducidad de prueba en el ordenamiento procesal de mendoza /</subfield>
    <subfield code="r">Sebasti&#xE1;n Godoy Lemos.</subfield>
  </datafield>
  <datafield tag="505" ind1=" " ind2=" ">
    <subfield code="t">El nuevo impulso del procedimiento laboral en mendoza /</subfield>
    <subfield code="r">Mart&#xED;n Zangrandi.</subfield>
  </datafield>
  <datafield tag="505" ind1=" " ind2=" ">
    <subfield code="t">Tres propuestas actualmente factibles para mejorar la calidad de los procesos laborales en la provincia de buenos aires ante la suspendida reforma de la ley 15.057 /</subfield>
    <subfield code="r"> Miguel &#xC1;ngel Maza.</subfield>
  </datafield>
  <datafield tag="505" ind1=" " ind2=" ">
    <subfield code="t">El proceso judicial digital en la provincia de buenos aires /</subfield>
    <subfield code="r"> Emilio Romualdi.</subfield>
  </datafield>
  <datafield tag="505" ind1=" " ind2=" ">
    <subfield code="t">La audiencia de conciliaci&#xF3;n y traba de la litis en el procedimiento laboral ordinario de catamarca /</subfield>
    <subfield code="r">Mar&#xED;a Simes y Fernando Javier Oviedo.</subfield>
  </datafield>
  <datafield tag="505" ind1=" " ind2=" ">
    <subfield code="t">El rol del empresario en el procedimiento de resoluci&#xF3;n del conflicto de encuadramiento sindical /</subfield>
    <subfield code="r"> Horacio Las Heras.</subfield>
  </datafield>
  <datafield tag="505" ind1=" " ind2=" ">
    <subfield code="t">Sumarios y sistematizaci&#xF3;n de fallos /</subfield>
    <subfield code="r">Mar&#xED;a Isabel Sforsini y Diego Guirado Colaborador: Nahuel Nehuen Espinillo.</subfield>
  </datafield>
  <datafield tag="650" ind1=" " ind2="0">
    <subfield code="9">1316</subfield>
    <subfield code="a">DERECHO LABORAL</subfield>
  </datafield>
  <datafield tag="650" ind1=" " ind2="0">
    <subfield code="9">4428</subfield>
    <subfield code="a">RELACI&#xD3;N DE DEPENDENCIA</subfield>
  </datafield>
  <datafield tag="700" ind1=" " ind2=" ">
    <subfield code="9">1423</subfield>
    <subfield code="a">Ackermann, Mario Eduardo</subfield>
    <subfield code="e">director</subfield>
  </datafield>
  <datafield tag="856" ind1=" " ind2=" ">
    <subfield code="u">https://www.rubinzal.com.ar/revistas/revista-de-derecho-laboral/5/?home=1</subfield>
    <subfield code="y">Rubinzal Culzoni Editores</subfield>
  </datafield>
  <datafield tag="942" ind1=" " ind2=" ">
    <subfield code="2">udc</subfield>
    <subfield code="c">PP</subfield>
    <subfield code="h">347.1(05)</subfield>
    <subfield code="i">REV</subfield>
  </datafield>
  <datafield tag="952" ind1=" " ind2=" ">
    <subfield code="0">0</subfield>
    <subfield code="1">0</subfield>
    <subfield code="2">udc</subfield>
    <subfield code="4">0</subfield>
    <subfield code="7">0</subfield>
    <subfield code="a">DJS</subfield>
    <subfield code="b">DJS</subfield>
    <subfield code="d">2026-04-13</subfield>
    <subfield code="r">2026-04-13</subfield>
    <subfield code="w">2026-04-13</subfield>
    <subfield code="y">PP</subfield>
  </datafield>
</record>
